[Event "ODJM A 2014"]
[Site "Magdeburg GER"]
[Date "2014.06.08"]
[Round "2"]
[White "Kasel, Alexander"]
[Black "Peters, Florian"]
[Result "1/2-1/2"]
[Termination "normal"]
[Board "26"]
[WhiteElo "1498"]
[BlackElo "1755"]
[PlyCount "82"]
[WhiteFideId "12969982"]
[BlackFideId "12952028"]
[EventCountry "GER"]
[EventRounds "9"]
[EventType "swiss"]
[EventDate "2014.06.07"]

1. c4 Nf6 2. Nc3 g6 3. g3 Bg7 4. Bg2 O-O 5. Nf3 d6 6. d3 e5 7. O-O Nc6 8. Rb1
a5 9. a3 Nh5 10. Bd2 f5 11. b4 axb4 12. axb4 h6 13. Nd5 Ne7 14. Nxe7+ Qxe7 15.
b5 e4 16. Nh4 Kh7 17. Bh1 g5 18. Ng2 exd3 19. exd3 Qf7 20. Ne3 Nf6 21. Re1 f4
22. Nd5 Nxd5 23. Bxd5 Qf6 24. gxf4 gxf4 25. Kh1 f3 26. Rg1 Bh3 27. Rg3 Bg2+ 28.
Kg1 Rae8 29. Be4+ Rxe4 30. dxe4 Qh4 31. e5 Bxe5 32. Qc2+ Kh8 33. Bc3 Qf6 34.
Bxe5 Qxe5 35. Qb2 Qxb2 36. Rxb2 Re8 37. Rb1 Re4 38. Rc1 Kh7 39. h3 Rh4 40. Kh2
c6 41. bxc6 bxc6 1/2-1/2

[Event "ODJM A 2014"]
[Site "Magdeburg GER"]
[Date "2014.06.08"]
[Round "2"]
[White "Schwenke, Stefan"]
[Black "Möller, Hannah"]
[Result "1-0"]
[Termination "normal"]
[Board "27"]
[WhiteElo "1758"]
[BlackElo "1577"]
[PlyCount "73"]
[WhiteFideId "12948438"]
[BlackFideId "1270514"]
[EventCountry "GER"]
[EventRounds "9"]
[EventType "swiss"]
[EventDate "2014.06.07"]

1. e4 c5 2. Nc3 d6 3. Bb5+ Bd7 4. Qe2 g6 5. Nf3 Bg7 6. b3 Nf6 7. Bb2 a6 8.
Bxd7+ Qxd7 9. Nd5 Qc6 10. O-O-O O-O 11. Nxe7+ Kh8 12. Nxc6 Nxc6 13. d4 Rfe8 14.
e5 dxe5 15. Nxe5 Kg8 16. Qc4 Nd8 17. dxc5 Ne6 18. Nd7 Nh5 19. Bxg7 Kxg7 20.
Qc3+ Kg8 21. Rhe1 Red8 22. g4 Nhg7 23. Nf6+ Kh8 24. h4 Rac8 25. Rxd8+ Rxd8 26.
h5 h6 27. hxg6 fxg6 28. Qh3 h5 29. gxh5 Ng5 30. Qh1 gxh5 31. Nxh5 Kg8 32. Nxg7
Kxg7 33. Qxb7+ Kg8 34. Qe7 Nf7 35. Rg1+ Kh8 36. Qh4+ Nh6 37. Qxh6# 1-0

[Event "ODJM A 2014"]
[Site "Magdeburg GER"]
[Date "2014.06.08"]
[Round "2"]
[White "Teichert, Felix"]
[Black "Bossert, Felix"]
[Result "1-0"]
[Termination "normal"]
[Board "28"]
[WhiteElo "1686"]
[BlackElo "1531"]
[PlyCount "33"]
[WhiteFideId "12987670"]
[BlackFideId "12960977"]
[EventCountry "GER"]
[EventRounds "9"]
[EventType "swiss"]
[EventDate "2014.06.07"]

1. e4 c5 2. Nf3 d6 3. d4 cxd4 4. Nxd4 Nf6 5. f3 g6 6. c4 Bg7 7. Nc3 Nc6 8. Be3
a6 9. Be2 Qc7 10. O-O Nxd4 11. Bxd4 Be6 12. Rc1 Bxc4 13. Nd5 Nxd5 14. Rxc4
Bxd4+ 15. Qxd4 Nf4 16. Qxh8+ Kd7 17. Rxc7+ 1-0

[Event "ODJM A 2014"]
[Site "Magdeburg GER"]
[Date "2014.06.08"]
[Round "2"]
[White "Langer, Moritz"]
[Black "Udaykumar, Arunn Mark"]
[Result "1/2-1/2"]
[Termination "normal"]
[Board "29"]
[WhiteElo "1470"]
[BlackElo "1767"]
[PlyCount "86"]
[WhiteFideId "12975281"]
[BlackFideId "12965456"]
[EventCountry "GER"]
[EventRounds "9"]
[EventType "swiss"]
[EventDate "2014.06.07"]

1. d4 Nf6 2. c4 e5 3. dxe5 Ng4 4. Nf3 Nc6 5. Bf4 Bb4+ 6. Nbd2 Qe7 7. a3 Bxd2+
8. Qxd2 Ncxe5 9. Nxe5 Nxe5 10. e3 d6 11. Be2 O-O 12. O-O Qf6 13. Bxe5 dxe5 14.
Rfd1 Be6 15. Qb4 b6 16. Rd2 Qg6 17. Rad1 e4 18. c5 Bh3 19. g3 h5 20. Bf1 Bg4
21. Rc1 h4 22. Bg2 hxg3 23. fxg3 Rfe8 24. cxb6 cxb6 25. Qd6 Re6 26. Qc7 Qg5 27.
Re1 Re7 28. Qc6 Rc8 29. Qd6 Rce8 30. Rd5 Bf5 31. Bh3 g6 32. Bxf5 gxf5 33. Qf4
Qxf4 34. gxf4 Rc8 35. Rxf5 Rc2 36. Rb5 Re6 37. Rg5+ Kh7 38. Rg2 Rec6 39. Ree2
Rc1+ 40. Kf2 Rd1 41. Rg1 Rd3 42. Rg5 Rc1 43. Rg1 Rc6 1/2-1/2

[Event "ODJM A 2014"]
[Site "Magdeburg GER"]
[Date "2014.06.08"]
[Round "2"]
[White "Vukojevic, Angelo"]
[Black "Denzer, Johannes"]
[Result "1/2-1/2"]
[Termination "normal"]
[Board "30"]
[WhiteElo "1448"]
[BlackElo "1637"]
[PlyCount "59"]
[WhiteFideId "12979546"]
[BlackFideId "1271724"]
[EventCountry "GER"]
[EventRounds "9"]
[EventType "swiss"]
[EventDate "2014.06.07"]

1. e4 c5 2. Nf3 Nc6 3. d4 cxd4 4. Nxd4 Nf6 5. Nc3 e5 6. Nb3 Bb4 7. Bg5 h6 8.
Bxf6 Qxf6 9. Qd2 O-O 10. O-O-O a5 11. a3 a4 12. Na1 Bxc3 13. Qxc3 Nd4 14. Qe3
Rd8 15. f4 Nc6 16. f5 Ne7 17. c4 d5 18. cxd5 Bxf5 19. Bd3 Rac8+ 20. Kb1 Nxd5
21. exd5 Rxd5 22. Be4 Rdc5 23. Rc1 Bxe4+ 24. Qxe4 Rxc1+ 25. Rxc1 Rxc1+ 26. Kxc1
Qf1+ 27. Kc2 Qb5 28. Kc3 Qc5+ 29. Qc4 Qe3+ 30. Qd3 1/2-1/2

[Event "ODJM A 2014"]
[Site "Magdeburg GER"]
[Date "2014.06.08"]
[Round "2"]
[White "Wolff, Marie Antoinette"]
[Black "Kovac, Laura"]
[Result "1-0"]
[Termination "normal"]
[Board "31"]
[WhiteElo "1628"]
[BlackElo "1602"]
[PlyCount "75"]
[WhiteFideId "12908258"]
[BlackFideId "12938882"]
[EventCountry "GER"]
[EventRounds "9"]
[EventType "swiss"]
[EventDate "2014.06.07"]

1. c4 d6 2. Nc3 Nf6 3. Nf3 e5 4. d3 Nbd7 5. g3 c6 6. Bg2 Be7 7. O-O O-O 8. Rb1
Qc7 9. b4 a6 10. a4 b5 11. Be3 d5 12. cxd5 cxd5 13. Bd2 d4 14. Na2 bxa4 15. Rc1
Qb8 16. Qxa4 Nb6 17. Qc6 Bd7 18. Qc7 Rc8 19. Qxb8 Raxb8 20. Nxe5 Be6 21. Nc6
Rxc6 22. Rxc6 Bxa2 23. Ra1 Bd5 24. Bxd5 Nbxd5 25. Rcxa6 Nxb4 26. Ra8 Nc6 27.
Rxb8+ Nxb8 28. Ra8 Bd6 29. Bc1 Nfd7 30. Kg2 Kf8 31. h4 h6 32. f4 Ke7 33. Kf3 f5
34. Ra5 g6 35. h5 Nc6 36. Rb5 Kf6 37. hxg6 Kxg6 38. Rd5 1-0